[Event "Vilnius op-A"]
[Site "Vilnius"]
[Date "2025.07.11"]
[Round "7"]
[White "Ozhaiska, Yaryna"]
[Black "Dijokas, Jokubas"]
[Result "1/2-1/2"]
[WhiteElo "1878"]
[BlackElo "2015"]
[PlyCount "47"]
[EventDate "2025.07.07"]
[EventType "swiss"]
[EventRounds "9"]
[EventCountry "LTU"]
[SourceTitle "CB29_2025"]
[SourceDate "2025.07.16"]
[SourceVersion "1"]
[SourceVersionDate "2025.07.16"]
[SourceQuality "1"]

1. e4 c5 2. Nf3 e6 3. d4 cxd4 4. Nxd4 a6 5. Bd3 Bc5 6. Nb3 Be7 7. 0-0 d6 8. c4 Nf6 9. Nc3 0-0 10. Be3 Nbd7 11. Nd4 Qc7 12. b3 b6 13. Rc1 Bb7 14. f3 Rac8 15. Bb1 Rfd8 16. Qe2 Qb8 17. Rfd1 Ba8 18. Qf2 Nc5 19. Qg3 Kh8 20. Qh3 Ncd7 21. Qg3 Nc5 22. Qh3 Ncd7 23. Qg3 Nc5 24. Qh3 1/2-1/2

[Event "Vilnius op-A"]
[Site "Vilnius"]
[Date "2025.07.10"]
[Round "5"]
[White "Krivonosov, Oleg"]
[Black "Dijokas, Jokubas"]
[Result "1-0"]
[WhiteElo "2333"]
[BlackElo "2015"]
[PlyCount "179"]
[EventDate "2025.07.07"]
[EventType "swiss"]
[EventRounds "9"]
[EventCountry "LTU"]
[SourceTitle "CB29_2025"]
[SourceDate "2025.07.16"]
[SourceVersion "1"]
[SourceVersionDate "2025.07.16"]
[SourceQuality "1"]

1. Nf3 d5 2. d4 Nf6 3. c4 e6 4. g3 Bb4+ 5. Bd2 Be7 6. Bg2 0-0 7. 0-0 c6 8. Qc2 b6 9. Bg5 Ba6 10. Nbd2 Nbd7 11. Rac1 Rc8 12. Rfd1 h6 13. Bxf6 Nxf6 14. e4 dxc4 15. e5 Nd5 16. Nxc4 c5 17. Qa4 Bxc4 18. Qxc4 Qd7 19. Qb3 Rfd8 20. dxc5 Bxc5 21. Ne1 Bf8 22. Rc4 Rxc4 23. Qxc4 Qc8 24. Qxc8 Rxc8 25. Bxd5 exd5 26. Kf1 Bb4 27. Nd3 Be7 28. Rd2 Kf8 29. h4 g5 30. hxg5 hxg5 31. f4 gxf4 32. gxf4 f6 33. f5 fxe5 34. Nxe5 Bf6 35. Ng4 Ke7 36. b3 d4 37. Re2+ Kf7 38. Re6 Bg7 39. Rd6 Rf8 40. Ke2 Ke7 41. Re6+ Kd7 42. Rg6 Bh8 43. Rh6 Rxf5 44. Rxh8 Kc6 45. Rc8+ Kb7 46. Rc2 b5 47. Nf2 Kb6 48. Kd1 Rf3 49. Kc1 a5 50. Kd1 b4 51. Ke2 Re3+ 52. Kd2 Rf3 53. Nd3 Rh3 54. Nf4 Rf3 55. Nd3 Rh3 56. Nc1 Kb5 57. Rc4 d3 58. Rd4 a4 59. Rd5+ Kc6 60. Rxd3 Rh2+ 61. Kd1 axb3 62. axb3 Kc5 63. Rd2 Rh4 64. Kc2 Rh3 65. Nd3+ Kb5 66. Rf2 Rh5 67. Rf4 Rh2+ 68. Kd1 Kc6 69. Rxb4 Rg2 70. Rc4+ Kb5 71. Kc1 Rh2 72. Rc5+ Kb6 73. Rc2 Rh4 74. Kb2 Kb5 75. Re2 Kb6 76. Kc3 Kb5 77. Re5+ Kb6 78. Rf5 Kc6 79. Rf4 Rh5 80. Kc4 Kb6 81. b4 Rh6 82. Nc5 Rh5 83. Rf6+ Kc7 84. b5 Rh4+ 85. Kb3 Rh8 86. b6+ Kb8 87. Kb4 Rg8 88. Kb5 Kc8 89. Rf7 Kb8 90. Na6+ 1-0

[Event "LTU-chT"]
[Site "Lithuania"]
[Date "2025.03.30"]
[Round "7.17"]
[White "Dijokas, Jokubas"]
[Black "Kuznecovas, Kevinas"]
[Result "1-0"]
[WhiteElo "1971"]
[BlackElo "1982"]
[PlyCount "103"]
[EventDate "2025.01.24"]
[EventType "team-swiss"]
[EventRounds "7"]
[EventCountry "LTU"]
[SourceTitle "CB14_2025"]
[SourceDate "2024.11.01"]
[SourceVersion "1"]
[SourceVersionDate "2024.11.01"]
[SourceQuality "1"]
[WhiteTeam "Vilnius Sachmatu Erdves"]
[BlackTeam "Vilnius Kamiles"]
[WhiteTeamCountry "LTU"]
[BlackTeamCountry "LTU"]

1. e4 c5 2. c3 d5 3. exd5 Qxd5 4. d4 Nc6 5. Nf3 e5 6. Na3 Bg4 7. Be2 cxd4 8. Nb5 0-0-0 9. cxd4 Bxf3 10. gxf3 exd4 11. Bd3 Re8+ 12. Kf1 Nf6 13. Bf4 Nh5 14. Bd2 a6 15. Na3 Bd6 16. Be4 Rxe4 17. fxe4 Qxe4 18. Rg1 g6 19. Qg4+ Qxg4 20. Rxg4 f5 21. Rg2 Ne5 22. Rc1+ Kd7 23. Nc4 Nd3 24. Rd1 Re8 25. Bg5 Bb4 26. f4 Re1+ 27. Rxe1 Nxe1 28. Ne5+ Ke6 29. Re2 Kd5 30. a3 d3 31. axb4 dxe2+ 32. Kxe1 Ng7 33. Kxe2 Ne6 34. Nd3 Nd4+ 35. Ke3 b5 36. Bf6 Nc6 37. Bc3 Nd8 38. b3 Nf7 39. Ne5 Nd6 40. Nd7 h6 41. h4 Nf7 42. Ne5 Nxe5 43. Bxe5 g5 44. hxg5 hxg5 45. Kd3 Ke6 46. Bb8 g4 47. Ba7 Kd5 48. Bf2 Ke6 49. Kd4 Kd6 50. Be1 Ke6 51. Kc5 Kd7 52. Kd5 1-0

[Event "LTU-chT"]
[Site "Lithuania"]
[Date "2025.01.25"]
[Round "2.11"]
[White "Dijokas, Jokubas"]
[Black "Valantiejus, Jokubas"]
[Result "1-0"]
[WhiteElo "1971"]
[BlackElo "1653"]
[PlyCount "63"]
[EventDate "2025.01.24"]
[EventType "team-swiss"]
[EventRounds "7"]
[EventCountry "LTU"]
[SourceTitle "CB14_2025"]
[SourceDate "2024.11.01"]
[SourceVersion "1"]
[SourceVersionDate "2024.11.01"]
[SourceQuality "1"]
[WhiteTeam "Vilnius Sachmatu Erdves"]
[BlackTeam "Kaunas Margiris"]
[WhiteTeamCountry "LTU"]
[BlackTeamCountry "LTU"]

1. e4 c6 2. d4 d5 3. exd5 cxd5 4. c4 Nf6 5. Nc3 e6 6. Nf3 Bb4 7. cxd5 Nxd5 8. Bd2 0-0 9. Bd3 Nc6 10. 0-0 Be7 11. Qe2 Bf6 12. Qe4 g6 13. Bh6 Re8 14. Rfe1 Nxc3 15. bxc3 e5 16. Qe2 Bg4 17. h3 Bxf3 18. Qxf3 Bg5 19. Bxg5 Qxg5 20. d5 Na5 21. Bb5 Red8 22. Rad1 Rac8 23. Qe4 Qe7 24. Re3 a6 25. Bf1 Rc5 26. Qb4 Qc7 27. Rxe5 Rxc3 28. d6 Qc6 29. Qxa5 b6 30. Qd5 b5 31. d7 Kf8 32. Qd4 1-0

[Event "Vilnius Summer op-A"]
[Site "Vilnius"]
[Date "2024.07.30"]
[Round "2"]
[White "Dijokas, Jokubas"]
[Black "Nimay, Agrawal"]
[Result "1/2-1/2"]
[WhiteElo "1927"]
[BlackElo "1896"]
[PlyCount "137"]
[EventDate "2024.07.29"]
[EventType "swiss"]
[EventRounds "6"]
[EventCountry "LTU"]
[SourceTitle "EXT 2025"]
[Source "ChessBase"]
[SourceDate "2024.10.14"]
[SourceVersion "1"]
[SourceVersionDate "2024.10.14"]
[SourceQuality "1"]

1. d4 d5 2. c4 e6 3. Nf3 Nf6 4. Nc3 Be7 5. Bf4 0-0 6. e3 b6 7. cxd5 Nxd5 8. Nxd5 Qxd5 9. Bd3 Qa5+ 10. Nd2 Ba6 11. Bxa6 Nxa6 12. 0-0 c5 13. Qe2 cxd4 14. Nb3 Qa4 15. Nxd4 Nb4 16. b3 Qd7 17. Rac1 Rac8 18. Rfd1 Rfd8 19. Rxc8 Qxc8 20. Nb5 Nxa2 21. Nxa7 Nc3 22. Rxd8+ Qxd8 23. Qf3 Bf6 24. h3 h6 25. Nc6 Qd2 26. g4 Ne2+ 27. Kg2 Nc1 28. e4 Qc2 29. e5 Nd3 30. Nd4 Ne1+ 31. Kf1 Nxf3 32. Nxc2 Nxe5 33. Be3 Nd7 34. Ke2 Kf8 35. Kd3 Ke7 36. Kc4 Kd6 37. Kb5 Kc7 38. Na3 Be7 39. b4 Kb7 40. Nc4 f5 41. f3 Bf8 42. gxf5 exf5 43. Nxb6 Nxb6 44. Bxb6 Bxb4 45. Bd4 Bf8 46. Be5 g6 47. Bf4 h5 48. Be5 Be7 49. Bf4 Ba3 50. Be5 Kc8 51. Kc6 Kd8 52. Kd5 Ke7 53. Bc3 Bd6 54. Bd4 Bg3 55. Bc3 g5 56. Bd2 Kf6 57. Bc3+ Kg6 58. Bd4 h4 59. Bg1 Bc7 60. Be3 Kh5 61. Bg1 Bg3 62. Kd4 g4 63. fxg4+ fxg4 64. Ke4 gxh3 65. Kf3 Kg5 66. Be3+ Kf5 67. Bf2 h2 68. Kg2 h3+ 69. Kh1 1/2-1/2

[Event "Vilnius Summer op-A"]
[Site "Vilnius"]
[Date "2024.07.30"]
[Round "3"]
[White "Nainys, Zanas1"]
[Black "Dijokas, Jokubas"]
[Result "1-0"]
[WhiteElo "2045"]
[BlackElo "1927"]
[PlyCount "108"]
[EventDate "2024.07.29"]
[EventType "swiss"]
[EventRounds "6"]
[EventCountry "LTU"]
[SourceTitle "EXT 2025"]
[Source "ChessBase"]
[SourceDate "2024.10.14"]
[SourceVersion "1"]
[SourceVersionDate "2024.10.14"]
[SourceQuality "1"]

1. e4 c6 2. d4 d5 3. Nc3 dxe4 4. Nxe4 Nf6 5. Nxf6+ exf6 6. c3 Bd6 7. Bd3 0-0 8. Qc2 Re8+ 9. Ne2 h5 10. 0-0 h4 11. h3 Nd7 12. Be3 Nf8 13. c4 Be6 14. Rad1 Qd7 15. Nf4 Bxf4 16. Bxf4 Ng6 17. Bc1 f5 18. Qc3 Rad8 19. Bc2 Qc7 20. b3 Bc8 21. Qf3 Qd7 22. Bg5 f6 23. Be3 b6 24. d5 Ne5 25. Qh5 cxd5 26. Rxd5 Qf7 27. Qxf7+ Kxf7 28. Rfd1 Rxd5 29. Rxd5 Be6 30. Rd2 Rc8 31. Bd1 Ke7 32. Be2 g5 33. f4 Nf7 34. Rc2 g4 35. c5 bxc5 36. Rxc5 Nd6 37. Ba6 Rg8 38. Rc7+ Bd7 39. hxg4 Rxg4 40. Be2 Rg8 41. Bf3 Ke6 42. Rxa7 h3 43. Ra6 Bb5 44. Rb6 Rc8 45. b4 Kd7 46. Bc5 Nc4 47. Rxb5 Nd2 48. Bd5 Ne4 49. Rb7+ Kd8 50. Be6 Rxc5 51. bxc5 Nxc5 52. Rb8+ Kc7 53. Rc8+ Kd6 54. Bxf5 Kd5 1-0

[Event "LTU-chT"]
[Site "Lithuania"]
[Date "2024.04.21"]
[Round "7.2"]
[White "Salna, Aleksandras"]
[Black "Dijokas, Jokubas"]
[Result "1-0"]
[WhiteElo "2265"]
[BlackElo "1818"]
[PlyCount "113"]
[EventDate "2024.01.27"]
[EventType "team-swiss"]
[EventRounds "7"]
[EventCountry "LTU"]
[SourceTitle "EXT 2025"]
[Source "ChessBase"]
[SourceDate "2024.10.14"]
[SourceVersion "1"]
[SourceVersionDate "2024.10.14"]
[SourceQuality "1"]
[WhiteTeam "Vilnius Chess United"]
[BlackTeam "Vilniaus Erdves"]
[WhiteTeamCountry "LTU"]
[BlackTeamCountry "LTU"]

1. d4 d5 2. Bf4 Nf6 3. e3 c5 4. c3 Nc6 5. Nd2 cxd4 6. exd4 Bf5 7. Qb3 Qc8 8. Ngf3 e6 9. Ne5 Nd7 10. Ndf3 f6 11. Nxd7 Qxd7 12. Be2 Na5 13. Qd1 Bd6 14. Bxd6 Qxd6 15. Nh4 Be4 16. Bh5+ g6 17. Be2 g5 18. Bb5+ Kf7 19. f3 Qf4 20. 0-0 Bg6 21. Nxg6 hxg6 22. g3 Qe3+ 23. Kg2 Nc4 24. Bxc4 dxc4 25. h3 g4 26. fxg4 e5 27. dxe5 Rad8 28. Rxf6+ Ke7 29. Rd6 Qe4+ 30. Qf3 Qxe5 31. Rxd8 Rxd8 32. Rf1 Rd2+ 33. Rf2 Qd5 34. Qxd5 Rxd5 35. h4 b5 36. Kf3 Rd3+ 37. Kf4 Kf6 38. g5+ Kf7 39. Rh2 Rd1 40. Ke5 a5 41. a3 Kg7 42. g4 Rg1 43. Kd5 Re1 44. h5 gxh5 45. gxh5 Rg1 46. g6 Rg5+ 47. Kc6 Kh6 48. Kb6 a4 49. Kc6 b4 50. cxb4 c3 51. bxc3 Rg3 52. Kb5 Rxc3 53. Kxa4 Kg7 54. h6+ Kh8 55. Rd2 Rc8 56. b5 Rg8 57. b6 1-0

[Event "Taujenai-ch rapid"]
[Site "Taujenai"]
[Date "2023.10.28"]
[Round "3"]
[White "Rudzkis, Vilius"]
[Black "Dijokas, Jokubas"]
[Result "1-0"]
[WhiteElo "1836"]
[BlackElo "1809"]
[PlyCount "101"]
[EventDate "2023.10.28"]
[EventType "swiss (rapid)"]
[EventRounds "10"]
[EventCountry "LTU"]
[SourceTitle "CBM 216 Extra"]
[Source "ChessBase"]
[SourceDate "2023.11.30"]
[SourceVersion "1"]
[SourceVersionDate "2023.11.30"]
[SourceQuality "1"]

1. d4 d5 2. c4 e6 3. Nc3 a6 4. cxd5 exd5 5. Bf4 Nf6 6. e3 c5 7. Nf3 Nc6 8. Be2 Bg4 9. dxc5 Bxc5 10. 0-0 h6 11. Qb3 b5 12. Rfd1 Be6 13. Qc2 Qb6 14. Rac1 Nb4 15. Qb1 Rc8 16. Be5 Be7 17. a3 Nc6 18. Bxf6 Bxf6 19. Nxd5 Bxd5 20. Rxd5 0-0 21. h3 Ne7 22. Rd2 Rxc1+ 23. Qxc1 Rc8 24. Rc2 Rxc2 25. Qxc2 Qc6 26. Qd2 Nf5 27. Bd1 Nd6 28. Nd4 Qd7 29. Be2 Nf5 30. Bg4 Bxd4 31. Bxf5 Qxf5 32. exd4 Qd5 33. Qe3 Kf8 34. Qe5 Qxe5 35. dxe5 g5 36. g3 Ke7 37. f4 Ke6 38. Kf2 gxf4 39. gxf4 Kf5 40. Kf3 a5 41. b3 b4 42. a4 h5 43. Ke3 h4 44. Kf3 f6 45. exf6 Kxf6 46. Kg4 Kg6 47. f5+ Kf6 48. Kf4 Kf7 49. Kg5 Kg7 50. Kxh4 Kf6 51. Kg4 1-0

[Event "LTU-chT"]
[Site "Lithuania"]
[Date "2023.04.23"]
[Round "7.4"]
[White "Kantans, Toms"]
[Black "Dijokas, Jokubas"]
[Result "1-0"]
[WhiteElo "2490"]
[BlackElo "1573"]
[PlyCount "97"]
[EventDate "2023.03.04"]
[EventType "team"]
[EventRounds "7"]
[EventCountry "LTU"]
[SourceTitle "EXT 2024"]
[Source "ChessBase"]
[SourceDate "2023.10.10"]
[SourceVersion "1"]
[SourceVersionDate "2023.10.10"]
[SourceQuality "1"]
[WhiteTeam "Panevezio Gigant"]
[BlackTeam "Vilnius Sachmatu Erdves"]
[WhiteTeamCountry "LTU"]
[BlackTeamCountry "LTU"]

1. e4 c6 2. d4 d5 3. e5 c5 4. dxc5 e6 5. Be3 Qc7 6. Nc3 Bd7 7. Nb5 Bxb5 8. Bxb5+ Nc6 9. c3 Qxe5 10. Nf3 Qc7 11. 0-0 Nge7 12. Qa4 e5 13. Rfe1 f6 14. Rad1 0-0-0 15. b4 a6 16. Bf1 Na7 17. Qb3 Kb8 18. a4 Nac8 19. b5 a5 20. b6 Qd7 21. Bb5 Nc6 22. Rd2 N8e7 23. c4 d4 24. Bxd4 exd4 25. Nxd4 Qc8 26. Qg3+ Ka8 27. Bxc6 Nxc6 28. Nxc6 bxc6 29. Qc3 Kb7 30. Rxd8 Qxd8 31. Qxa5 Qa8 32. Qxa8+ Kxa8 33. Re8+ Kb7 34. Kf1 f5 35. a5 g6 36. Rd8 Rg8 37. f4 Rh8 38. Ke2 Rg8 39. g3 Rh8 40. Kd3 Rg8 41. Kc2 Rh8 42. Kb3 Rg8 43. Ka4 Rh8 44. Rd7+ Kb8 45. Kb4 Bh6 46. a6 Kc8 47. Rc7+ Kb8 48. a7+ Ka8 49. Ka5 1-0

[Event "LTU-ch Rapid"]
[Site "Taujenai"]
[Date "2022.12.04"]
[Round "8"]
[White "Dijokas, Jokubas"]
[Black "Bazilius, Augustinas"]
[Result "0-1"]
[WhiteElo "1714"]
[BlackElo "1949"]
[PlyCount "110"]
[EventDate "2022.12.03"]
[EventType "swiss (rapid)"]
[EventRounds "10"]
[EventCountry "LTU"]
[SourceTitle "CBM 211 Extra"]
[Source "ChessBase"]
[SourceDate "2023.01.31"]
[SourceVersion "1"]
[SourceVersionDate "2023.01.31"]
[SourceQuality "1"]

1. d4 Nf6 2. c4 c5 3. d5 b5 4. cxb5 a6 5. e3 Bb7 6. Nc3 axb5 7. Bxb5 Qa5 8. Bc4 e6 9. Bd2 Qb6 10. e4 Nxe4 11. Nxe4 exd5 12. Bxd5 Bxd5 13. Qe2 Qe6 14. f3 Bc4 15. Qe3 d5 16. Nf2 Qxe3+ 17. Bxe3 Rxa2 18. Rxa2 Bxa2 19. Ne2 Bc4 20. Nc1 Bd6 21. b3 Bb5 22. Nfd3 Nd7 23. Kf2 0-0 24. Bf4 Bxf4 25. Nxf4 d4 26. Nfd3 Ra8 27. Re1 Kf8 28. f4 Ra3 29. Ke2 Nb6 30. Kd2 c4 31. Nc5 c3+ 32. Kc2 Nd5 33. Kb1 Ne3 34. Ne2 Nxg2 35. Rg1 Bxe2 36. Rxg2 Bh5 37. Rg5 Bg6+ 38. f5 h6 39. Rxg6 fxg6 40. Ne6+ Kf7 41. Nxd4 gxf5 42. Kc2 f4 43. Kxc3 g5 44. h3 h5 45. Nf3 Kf6 46. Kb2 Ra7 47. b4 g4 48. hxg4 hxg4 49. Nh2 g3 50. Nf3 Kf5 51. Kc3 Ke4 52. Ng5+ Ke3 53. b5 f3 54. b6 Rb7 55. Nh3 Rxb6 0-1

[Event "LTU-ch Rapid"]
[Site "Taujenai"]
[Date "2022.12.04"]
[Round "9"]
[White "Viskelis, Darius"]
[Black "Dijokas, Jokubas"]
[Result "1-0"]
[WhiteElo "2010"]
[BlackElo "1714"]
[PlyCount "177"]
[EventDate "2022.12.03"]
[EventType "swiss (rapid)"]
[EventRounds "10"]
[EventCountry "LTU"]
[SourceTitle "CBM 211 Extra"]
[Source "ChessBase"]
[SourceDate "2023.01.31"]
[SourceVersion "1"]
[SourceVersionDate "2023.01.31"]
[SourceQuality "1"]

1. e4 c6 2. d3 d5 3. Nd2 dxe4 4. dxe4 Nf6 5. Ngf3 Bg4 6. Bc4 e6 7. 0-0 Be7 8. e5 Nd5 9. a4 Nd7 10. Re1 0-0 11. c3 Qc7 12. Qc2 Bf5 13. Bd3 Bxd3 14. Qxd3 Nc5 15. Qc2 a5 16. Ne4 Nxe4 17. Qxe4 h6 18. Qg4 Kh7 19. Qh5 Rae8 20. h4 f5 21. Ng5+ Bxg5 22. hxg5 Qf7 23. Qh4 h5 24. Bd2 b6 25. c4 Ne7 26. c5 bxc5 27. Bxa5 Nd5 28. Rac1 g6 29. Rxc5 Qb7 30. b4 Ra8 31. Qc4 Rfc8 32. Rc1 Ra6 33. g3 Kg7 34. Qd4 Kf7 35. Qd2 Qa8 36. Kg2 Kg7 37. R1c4 Kf7 38. Rd4 Kg7 39. Qb2 Kf7 40. Rh4 Kg7 41. Kf1 Qb7 42. Qd2 Qa8 43. Kg1 Re8 44. Qc2 Rc8 45. Rd4 Kf7 46. Qc4 Kg7 47. Qd3 Kf7 48. Rh4 Kg7 49. f3 Qb7 50. Qd2 Qa8 51. g4 hxg4 52. fxg4 Rh8 53. Rh6 Rxh6 54. gxh6+ Kh7 55. g5 Qa7 56. Kg2 Qa8 57. Kf1 Qa7 58. Ke2 Qa8 59. Kd1 Qa7 60. Kc2 Qa8 61. Kb3 Qa7 62. Qd4 Qa8 63. Qc4 Qb7 64. Bd8 Qa8 65. a5 f4 66. Bb6 Nxb6 67. Qxe6 Qg8 68. Qxg8+ Kxg8 69. Rxc6 f3 70. axb6 f2 71. Rxg6+ Kh8 72. Rf6 Rxb6 73. Rxf2 Kh7 74. Rf7+ Kg8 75. Rf6 Rb5 76. g6 Rb8 77. e6 Re8 78. b5 Kh8 79. Rf8+ Rxf8 80. g7+ Kg8 81. gxf8Q+ Kxf8 82. b6 Kg8 83. b7 Kh7 84. e7 Kxh6 85. e8R Kh5 86. b8R Kh4 87. Re1 Kg5 88. Rf8 Kg6 89. Rg1+ 1-0

[Event "LTU-ch Rapid"]
[Site "Taujenai"]
[Date "2022.12.03"]
[Round "5"]
[White "Dijokas, Jokubas"]
[Black "Nainys, Zanas1"]
[Result "1-0"]
[WhiteElo "1714"]
[BlackElo "1937"]
[PlyCount "50"]
[EventDate "2022.12.03"]
[EventType "swiss (rapid)"]
[EventRounds "10"]
[EventCountry "LTU"]
[SourceTitle "CBM 211 Extra"]
[Source "ChessBase"]
[SourceDate "2023.01.31"]
[SourceVersion "1"]
[SourceVersionDate "2023.01.31"]
[SourceQuality "1"]

1. e4 c5 2. c3 Nf6 3. e5 Nd5 4. d4 cxd4 5. Nf3 b6 6. cxd4 Bb7 7. Bc4 e6 8. 0-0 d6 9. Nc3 Nxc3 10. bxc3 Nd7 11. Bb5 Be7 12. exd6 Bxd6 13. Ne5 Bxe5 14. dxe5 a6 15. Bg5 Qc7 16. Bxd7+ Qxd7 17. Qxd7+ Kxd7 18. Rfd1+ Kc7 19. Rd4 Rae8 20. Rad1 Bc6 21. Rb1 Rhg8 22. Rdb4 f6 23. Bf4 b5 24. exf6+ e5 25. f7 exf4 1-0

[Event "Plunge op-B 41st"]
[Site "Plateliai"]
[Date "2022.07.24"]
[Round "9"]
[White "Griksaite, Leva"]
[Black "Dijokas, Jokubas"]
[Result "1/2-1/2"]
[WhiteElo "1376"]
[BlackElo "1506"]
[PlyCount "69"]
[EventDate "2022.07.18"]
[EventType "swiss"]
[EventRounds "9"]
[EventCountry "LTU"]
[SourceTitle "CBM 209 Extra"]
[Source "ChessBase"]
[SourceDate "2022.09.30"]
[SourceVersion "1"]
[SourceVersionDate "2022.09.30"]
[SourceQuality "1"]

1. e4 c6 2. d4 d5 3. f3 e6 4. Nc3 Bb4 5. e5 c5 6. a3 Ba5 7. f4 cxd4 8. Qxd4 Nc6 9. Bb5 Bb6 10. Qd3 Nh6 11. Na4 Nf5 12. Nf3 Bd7 13. Bd2 a6 14. Bxc6 Bxc6 15. Nxb6 Qxb6 16. 0-0-0 0-0-0 17. g4 Ne7 18. Nd4 Ng6 19. h4 Rhe8 20. h5 Nf8 21. Be3 Qc7 22. Kb1 f6 23. Nxc6 Qxc6 24. Bd4 fxe5 25. Bxe5 Rd7 26. Rhe1 g6 27. h6 b5 28. Re3 Kb7 29. Qd4 Qc4 30. Qxc4 dxc4 31. Rxd7+ Nxd7 32. Kc1 Kc6 33. Kd2 Nb6 34. Re4 Nd5 35. Ke2 1/2-1/2

[Event "Plunge op-B 41st"]
[Site "Plateliai"]
[Date "2022.07.22"]
[Round "7"]
[White "Maurutyte, Laura"]
[Black "Dijokas, Jokubas"]
[Result "0-1"]
[WhiteElo "1228"]
[BlackElo "1506"]
[PlyCount "94"]
[EventDate "2022.07.18"]
[EventType "swiss"]
[EventRounds "9"]
[EventCountry "LTU"]
[SourceTitle "CBM 209 Extra"]
[Source "ChessBase"]
[SourceDate "2022.09.30"]
[SourceVersion "1"]
[SourceVersionDate "2022.09.30"]
[SourceQuality "1"]

1. d4 d5 2. Bf4 Nf6 3. e3 c5 4. Nf3 Nc6 5. h3 Bf5 6. Be2 Qb6 7. b3 Nb4 8. Bd3 Bxd3 9. cxd3 cxd4 10. Nxd4 Nd7 11. Nc2 e5 12. Bg3 Qa6 13. 0-0 Nxc2 14. Qxc2 Be7 15. Nd2 0-0 16. Nf3 Rac8 17. Qd1 Bf6 18. Ne1 Rc6 19. Nc2 Qb6 20. Rc1 Rfc8 21. Re1 Qc7 22. Re2 Be7 23. Qd2 Ba3 24. Nxa3 Rxc1+ 25. Kh2 Qc3 26. Qxc3 R1xc3 27. d4 e4 28. Bd6 a6 29. Bb4 R3c6 30. Bd2 b5 31. Re1 Rb8 32. Bb4 f5 33. Kg3 Kf7 34. Re2 Rbc8 35. Bd2 Kf6 36. h4 Nf8 37. Kh3 h5 38. g3 Ne6 39. Re1 g5 40. hxg5+ Nxg5+ 41. Kg2 Nf3 42. Rd1 Nxd2 43. Rxd2 b4 44. Nb1 Rc1 45. Rb2 R8c2 46. Rxc2 Rxc2 47. a3 Rb2 0-1

[Event "LTU-ch sf"]
[Site "Vilnius"]
[Date "2022.04.13"]
[Round "9"]
[White "Dijokas, Jokubas"]
[Black "Kusner, Michail"]
[Result "0-1"]
[WhiteElo "1418"]
[BlackElo "1716"]
[PlyCount "134"]
[EventDate "2022.04.08"]
[EventType "swiss"]
[EventRounds "9"]
[EventCountry "LTU"]
[SourceTitle "CBM 207 Extra"]
[Source "ChessBase"]
[SourceDate "2022.05.31"]
[SourceVersion "1"]
[SourceVersionDate "2022.05.31"]
[SourceQuality "1"]

1. e4 e5 2. Nf3 Nc6 3. d4 exd4 4. Nxd4 Qh4 5. Nc3 Bb4 6. Nxc6 Qxe4+ 7. Be2 Bxc3+ 8. bxc3 Qxc6 9. 0-0 Qxc3 10. Re1 Kf8 11. Rb1 Qf6 12. Rb3 d6 13. Rf3 Qd8 14. Bb2 f6 15. Re3 Bd7 16. Bc4 Nh6 17. Re7 Qxe7 18. Rxe7 Kxe7 19. Bc1 Rae8 20. Bxh6 gxh6 21. Qf3 Bc6 22. Qf5 Kd8 23. Be6 Rhf8 24. f4 Re7 25. g3 Bd7 26. Bxd7 Rxd7 27. Kf2 c5 28. Qe6 b5 29. Qe2 a6 30. a4 Re8 31. Qf3 d5 32. axb5 axb5 33. Qa3 c4 34. Qa5+ Ke7 35. Qxb5 Rc8 36. f5 Rcd8 37. c3 Kf7 38. Qc5 Kg7 39. Qd4 Re8 40. Qg4+ Kh8 41. Qh4 Rd6 42. Qd4 Re5 43. g4 Rd7 44. h4 Kg7 45. Kf3 Rde7 46. h5 Re4 47. Qxd5 Re3+ 48. Kf4 Rxc3 49. Qd6 Rce3 50. Qd4 Ra3 51. Qb2 Rea7 52. Ke4 c3 53. Qc2 R7a4+ 54. Kd5 Ra5+ 55. Kd6 Re5 56. Qb1 Ra6+ 57. Kd7 Rd5+ 58. Kc7 Rad6 59. Qb3 Rd3 60. Qc2 R6d4 61. Qe2 Kf8 62. Qc2 Rc4+ 63. Kb6 Rd2 64. Qb3 Rb2 65. Ka5 Rxb3 66. g5 Rc8 67. Ka4 Rb1 0-1

[Event "LTU-ch sf"]
[Site "Vilnius"]
[Date "2022.04.10"]
[Round "4"]
[White "Dijokas, Jokubas"]
[Black "Ceponis, Tadas"]
[Result "0-1"]
[WhiteElo "1418"]
[BlackElo "2118"]
[PlyCount "60"]
[EventDate "2022.04.08"]
[EventType "swiss"]
[EventRounds "9"]
[EventCountry "LTU"]
[SourceTitle "CBM 207 Extra"]
[Source "ChessBase"]
[SourceDate "2022.05.31"]
[SourceVersion "1"]
[SourceVersionDate "2022.05.31"]
[SourceQuality "1"]

1. e4 e6 2. d4 d5 3. Nd2 c5 4. exd5 exd5 5. c3 Nf6 6. Ngf3 cxd4 7. cxd4 Be7 8. Be2 0-0 9. Nf1 Nc6 10. Ng3 Ne4 11. 0-0 Nxg3 12. hxg3 Bf6 13. Be3 Bg4 14. Qd2 Qb6 15. Rfd1 Rfe8 16. Ne5 Bxe2 17. Qxe2 Bxe5 18. dxe5 d4 19. Bf4 Rad8 20. Bg5 Rd5 21. f4 d3+ 22. Qf2 Qxf2+ 23. Kxf2 f6 24. exf6 h6 25. Rh1 Re2+ 26. Kf3 hxg5 27. Rh8+ Kf7 28. fxg7 Ne7 29. Rah1 Ng8 30. R8h7 g4+ 0-1

[Event "Kaspersky op U16"]
[Site "Tornelo INT"]
[Date "2021.04.02"]
[Round "2"]
[White "Dijokas, Jokubas"]
[Black "Dziarkach, Aliaksandr"]
[Result "0-1"]
[WhiteElo "1209"]
[BlackElo "1459"]
[PlyCount "76"]
[EventDate "2021.04.02"]
[EventType "swiss (blitz)"]
[EventRounds "11"]
[EventCountry "RUS"]
[SourceTitle "CBM 201 Extra"]
[Source "ChessBase"]
[SourceDate "2021.05.31"]
[SourceVersion "1"]
[SourceVersionDate "2021.05.31"]
[SourceQuality "1"]

1. e4 e6 2. d4 d5 3. Nd2 dxe4 4. Nxe4 Nd7 5. Nf3 Ngf6 6. Nc3 c5 7. Be3 Qb6 8. Rb1 Be7 9. Be2 0-0 10. 0-0 a6 11. dxc5 Bxc5 12. Na4 Qc7 13. Nxc5 Nxc5 14. Qc1 Bd7 15. Rd1 Nce4 16. Bd3 Bc6 17. Bd4 Rfd8 18. h3 Qa5 19. a3 Rd7 20. Qe3 Qh5 21. Be2 Qf5 22. c3 Bb5 23. Bxb5 axb5 24. Bxf6 Nxf6 25. Rxd7 Qxb1+ 26. Kh2 Nxd7 27. Qd4 Nf6 28. Ne5 Qe4 29. Qd6 h6 30. Qc7 Rf8 31. Kg1 Qe1+ 32. Kh2 Qxf2 33. Nf3 Qxb2 34. Qf4 Qxc3 35. Ne5 Qc7 36. Kg1 Nd7 37. Nd3 Qxf4 38. Nxf4 Rc8 0-1

[Event "Kaspersky op U16"]
[Site "Tornelo INT"]
[Date "2021.04.02"]
[Round "11"]
[White "Dijokas, Jokubas"]
[Black "Ohler, Julius"]
[Result "1-0"]
[WhiteElo "1209"]
[BlackElo "2010"]
[PlyCount "97"]
[EventDate "2021.04.02"]
[EventType "swiss (blitz)"]
[EventRounds "11"]
[EventCountry "RUS"]
[SourceTitle "CBM 201 Extra"]
[Source "ChessBase"]
[SourceDate "2021.05.31"]
[SourceVersion "1"]
[SourceVersionDate "2021.05.31"]
[SourceQuality "1"]

1. e4 c6 2. d4 d5 3. exd5 cxd5 4. c4 e6 5. Nc3 Nf6 6. Nf3 Be7 7. Bd3 0-0 8. 0-0 Nc6 9. a3 a6 10. h3 dxc4 11. Bxc4 b5 12. Bd3 Bb7 13. Be3 Rc8 14. Rc1 Qd7 15. Qe2 Rfd8 16. Rfd1 Na5 17. Ne5 Qe8 18. Ng4 Nb3 19. Rb1 Qc6 20. Nxf6+ Bxf6 21. Be4 Qb6 22. Bxb7 Qxb7 23. Qg4 Rc7 24. Ne4 Be7 25. Bh6 g6 26. Be3 f5 27. Qf4 fxe4 28. Qe5 Rc6 29. Bh6 Bf8 30. Bxf8 Rxf8 31. d5 Rb6 32. dxe6 Qe7 33. Rd7 Qf6 34. Qxf6 Rxf6 35. Rd8+ Kg7 36. e7 Rfe6 37. e8Q Rxe8 38. Rxe8 Nd2 39. Rd1 Nc4 40. Rxe4 Nxb2 41. Rd7+ Kh6 42. Ree7 Nc4 43. h4 Kh5 44. Rxh7+ Kg4 45. f3+ Kf4 46. Rd4+ Ke5 47. Re4+ Kf5 48. Rf7+ Rf6 49. g4# 1-0